[Event "OS INCLIVEIS"]
[Site "http://www.queenalice.com/game.php?id=1479982"]
[Date "2017.5.27"]
[Round "-"]
[White "adelio"]
[Black "Voltaiko"]
[Result "0-1"]
[WhiteElo "1470"]
[BlackElo "1889"]

1. d4 Nf6 2. c4 e5 3. d5 Bc5 4. e3 d6 5. Be2 Nbd7 6. Nh3 O-O 7. Nc3 a6 8. Ng5
Bb6 9. Nce4 Nxe4 10. Nxh7 Nxf2 11. Qc2 Nxh1 12. Bd3 Re8 13. g3 Nc5 14. Qd1 Nxd3+
15. Qxd3 e4 16. Qf1 Kxh7 17. Qxh1 Qg5 18. Qg1 Bg4 19. Bd2 Re5 20. Rc1 Rae8 21.
b4 Rf5 22. c5 Bh3 23. Ke2 Qg4+ 24. Ke1 Ba7 25. Bc3 Rf1+ 26. Qxf1 Bxf1 27. Kxf1
Qf3+ 28. Ke1 Qxe3+ 29. Kd1 Qd3+ 30. Ke1 dxc5 31. bxc5 Bxc5 32. Bd2 e3 33. Bxe3
Rxe3+ 34. Kf2 Qd2+ 35. Kf1 Re1+ 36. Rxe1 Qf2# 0-1

[Event "Let's Play Chess!"]
[Site "http://www.queenalice.com/game.php?id=1483600"]
[Date "2017.6.26"]
[Round "-"]
[White "Reisinay"]
[Black "Voltaiko"]
[Result "0-1"]
[WhiteElo "2109"]
[BlackElo "2048"]

1. Nf3 d5 2. d4 e6 3. c4 Nf6 4. Nc3 Bb4 5. cxd5 exd5 6. Bg5 h6 7. Bh4 c5 8. dxc5
g5 9. Bg3 Qa5 10. Be5 Nbd7 11. Bd4 O-O 12. a3 Bxc3+ 13. Bxc3 Qc7 14. Bxf6 Nxf6
15. Qd4 Kg7 0-1

[Event "Let's Play Chess!"]
[Site "http://www.queenalice.com/game.php?id=1483674"]
[Date "2017.6.26"]
[Round "-"]
[White "igorjava"]
[Black "Voltaiko"]
[Result "0-1"]
[WhiteElo "1944"]
[BlackElo "2092"]

1. e4 e6 2. Nf3 c5 3. d4 cxd4 4. Nxd4 Nc6 5. a3 Nf6 6. Bg5 Be7 7. Bxf6 Bxf6 8.
c3 Qb6 9. Qd2 Nxd4 10. cxd4 Qxd4 11. Qxd4 Bxd4 12. Nc3 b6 13. Rd1 Bxc3+ 14. bxc3
Bb7 15. f3 Rc8 16. c4 Rc5 17. Bd3 d5 18. exd5 exd5 19. cxd5 Rxd5 20. O-O O-O 21.
Be4 Rxd1 22. Rxd1 Bxe4 23. fxe4 g6 24. Kf2 Re8 25. Kf3 Kg7 26. Rd7 Ra8 27. Rb7
Kf6 28. h4 h5 29. Kf4 Ke6 30. g3 Kf6 31. e5+ Ke6 32. Rc7 b5 33. Rb7 a6 34. Ke4
f5+ 35. Kf4 Kd5 36. Rb6 Kc4 37. Rxg6 Kb3 38. Kxf5 Kxa3 39. e6 b4 40. e7 a5 41.
Rd6 Re8 42. Kf6 b3 43. Kf7 Rxe7+ 44. Kxe7 a4 45. Rd3 Kb2 46. Rd5 Ka2 47. Rxh5 a3
48. Rb5 b2 49. h5 b1=Q 50. Rxb1 Kxb1 51. h6 a2 52. g4 a1=Q 53. g5 Qh8 54. Kf7
Qh7+ 55. Kf6 Kc2 56. g6 Qxh6 57. Kf7 Qh5 58. Kf6 Qf3+ 59. Kg7 Kd3 60. Kg8 Qa8+
61. Kh7 Qh1+ 62. Kg8 Qd5+ 63. Kh8 Qh5+ 64. Kg7 Ke4 65. Kf6 Qf5+ 66. Kg7 Ke5 67.
Kh6 Kf6 68. Kh7 Qxg6+ 0-1

[Event "AUTO-MASTER-2609"]
[Site "http://www.queenalice.com/game.php?id=1483870"]
[Date "2017.6.26"]
[Round "1"]
[White "Voltaiko"]
[Black "rockaudrey"]
[Result "1-0"]
[WhiteElo "1941"]
[BlackElo "2085"]

1. e4 e6 2. d4 d5 3. e5 c5 4. c3 cxd4 5. cxd4 Bd7 6. Nf3 Nc6 7. Bd3 Nge7 8. Nc3
Ng6 9. O-O Bb4 10. a3 Ba5 11. Nb5 O-O 12. h4 Nxh4 13. Bxh7+ Kxh7 14. Ng5+ Kg8
15. Qh5 Re8 16. Qxf7+ Kh8 17. Qh5+ Kg8 18. Qh7+ Kf8 19. Qh8+ Ke7 20. Qxg7# 1-0

[Event "AUTO-MASTER-2609"]
[Site "http://www.queenalice.com/game.php?id=1483871"]
[Date "2017.6.26"]
[Round "1"]
[White "rockaudrey"]
[Black "Voltaiko"]
[Result "0-1"]
[WhiteElo "2048"]
[BlackElo "2017"]

1. e4 g6 2. d4 Bg7 3. Nf3 d6 4. Nc3 Bg4 5. Be2 Nd7 6. Be3 c5 7. Qd2 cxd4 8. Bxd4
Ngf6 9. O-O-O Bxf3 10. gxf3 a6 11. h4 h5 12. Kb1 Rc8 13. Nd5 O-O 14. Be3 Ne5 15.
Bh6 Nxd5 16. exd5 Qc7 17. Bxg7 Kxg7 18. f4 Nd7 19. Bd3 Nc5 20. f5 Nxd3 21. Qxd3
Qc4 22. fxg6 Qxd3 23. Rxd3 fxg6 24. f3 Rf4 25. Rh3 Rcc4 26. b3 Rxh4 27. Rg3 Rcd4
28. Kb2 Rxd3 29. cxd3 Rd4 30. Kc3 Rxd5 31. f4 Kf6 32. Kc4 Rf5 33. Rf3 e5 34.
fxe5+ dxe5 35. Re3 h4 36. Kc5 Kg5 37. Kb6 Kf4 38. Re4+ Kg3 39. Kxb7 h3 40. Kxa6
h2 41. Re1 Kg2 42. b4 g5 43. b5 g4 44. b6 g3 45. b7 Rf8 46. Rc1 Rb8 47. Ka7
Rxb7+ 48. Kxb7 h1=Q 49. Rxh1 Kxh1 0-1

[Event "AUTO-MASTER-2609"]
[Site "http://www.queenalice.com/game.php?id=1483872"]
[Date "2017.6.26"]
[Round "1"]
[White "Voltaiko"]
[Black "fedro"]
[Result "1-0"]
[WhiteElo "2001"]
[BlackElo "2056"]

1. d4 d5 2. c4 Nf6 3. cxd5 Nxd5 4. Nf3 Bf5 5. e3 e6 6. Nc3 h6 7. Bd3 Bxd3 8.
Qxd3 c6 9. Bd2 Bd6 10. Ne4 Be7 11. a3 O-O 12. Rc1 Nd7 13. O-O Qb6 14. Rc2 Rad8
15. Rfc1 f6 16. Qc4 Kh8 17. b4 a6 18. Nc5 Bxc5 19. bxc5 Qc7 20. e4 Nf4 21. Bxf4
e5 22. Bg3 Rde8 23. d5 f5 24. d6 Qd8 25. exf5 Rxf5 26. Rb1 Qa5 27. Rxb7 e4 28.
Rxd7 exf3 29. gxf3 Rxf3 30. Qg4 1-0

[Event "AUTO-MASTER-2609"]
[Site "http://www.queenalice.com/game.php?id=1483873"]
[Date "2017.6.26"]
[Round "1"]
[White "fedro"]
[Black "Voltaiko"]
[Result "1-0"]
[WhiteElo "2032"]
[BlackElo "1985"]

1. d4 Nf6 2. c4 e5 3. e3 exd4 4. exd4 Bb4+ 5. Bd2 Bxd2+ 6. Nxd2 O-O 7. Bd3 Re8+
8. Ne2 Ng4 9. O-O Nc6 10. Nf3 d5 11. a3 dxc4 12. Bxc4 Ne7 13. Nf4 Nf6 14. Qb3
Rf8 15. Ne5 Qe8 16. Rae1 Bf5 17. Re2 Be4 18. Rfe1 Rd8 19. f3 Bd5 20. Nxd5 Nfxd5
21. Nxf7 Rxf7 22. Bxd5 Rd7 23. Qxb7 1-0

[Event "AUTO-MASTER-2609"]
[Site "http://www.queenalice.com/game.php?id=1483874"]
[Date "2017.6.26"]
[Round "1"]
[White "Voltaiko"]
[Black "Mannu"]
[Result "1-0"]
[WhiteElo "2032"]
[BlackElo "1990"]

1. d4 Nf6 2. Nf3 d5 3. e3 Nc6 4. Bd3 g6 5. c4 Bg7 6. cxd5 Nxd5 7. Nc3 O-O 8. a3
Nxc3 9. bxc3 e5 10. O-O Re8 11. Qc2 Qe7 12. Nd2 exd4 13. cxd4 Be6 14. Bb2 a6 15.
Ne4 1-0

[Event "AUTO-MASTER-2609"]
[Site "http://www.queenalice.com/game.php?id=1483875"]
[Date "2017.6.26"]
[Round "1"]
[White "Mannu"]
[Black "Voltaiko"]
[Result "0-1"]
[WhiteElo "1997"]
[BlackElo "2103"]

1. c4 Nf6 2. Nc3 d5 3. cxd5 Nxd5 4. e4 Nxc3 5. bxc3 g6 6. Nf3 Bg7 7. Bc4 O-O 8.
d4 c5 9. O-O Bg4 10. h3 Bxf3 11. Qxf3 cxd4 12. Rb1 Qc8 13. Bd5 Nc6 14. cxd4 Bxd4
15. Ba3 Bf6 16. Rfc1 Nd4 17. Qe3 Qd8 18. Bxb7 Rb8 19. e5 Bg5 20. f4 Bxf4 21. Qe4
Bxc1 22. Bxc1 Qd7 23. Ba3 Rfd8 24. Kh1 Rxb7 25. Rxb7 Qa4 26. Bxe7 Qd1+ 27. Kh2
Rc8 28. Rb1 Nf3+ 29. Kg3 Nd2 30. Qe1 Rc3+ 31. Kh2 Qxb1 0-1

[Event "AUTO-OPEN-3827"]
[Site "http://www.queenalice.com/game.php?id=1486762"]
[Date "2017.7.20"]
[Round "1"]
[White "deepjcc"]
[Black "Voltaiko"]
[Result "1-0"]
[WhiteElo "2401"]
[BlackElo "2078"]

1. d4 Nf6 2. Nf3 e6 3. Bf4 Be7 4. e3 d6 5. Nbd2 Nbd7 6. h3 O-O 7. Bd3 Re8 8. c3
Bf8 9. Bg5 e5 10. Qc2 h6 11. Bh4 c6 12. dxe5 Nxe5 13. Nxe5 dxe5 14. O-O-O Bd7
15. g4 Be7 16. Bg3 Nd5 17. Bxe5 Bh4 18. Bh7+ Kh8 19. Nc4 b5 20. Nd6 Re7 21. Bd4
Be6 22. Nf5 Bxf5 23. Qxf5 Qc8 24. e4 Qxf5 25. Bxf5 Nf4 26. Bc5 Rb7 27. Kc2 g6
28. Bd7 Rd8 29. Bxc6 Rxd1 30. Rxd1 Rc7 31. Bd4+ Kh7 32. Bxb5 1-0

[Event "AUTO-OPEN-3827"]
[Site "http://www.queenalice.com/game.php?id=1486763"]
[Date "2017.7.20"]
[Round "1"]
[White "Voltaiko"]
[Black "deepjcc"]
[Result "0-1"]
[WhiteElo "2059"]
[BlackElo "2399"]

1. d4 Nf6 2. c4 g6 3. Nc3 d5 4. Nf3 Bg7 5. e3 O-O 6. Bd3 c5 7. cxd5 Nxd5 8. Ne4
cxd4 9. Nxd4 Nb4 10. Bb1 N8c6 11. Nxc6 Qxd1+ 12. Kxd1 Nxc6 13. Bc2 Bf5 14. a3
Rac8 15. h3 Na5 16. Rb1 Rxc2 0-1

[Event "AUTO-OPEN-3827"]
[Site "http://www.queenalice.com/game.php?id=1486786"]
[Date "2017.7.20"]
[Round "1"]
[White "jmcd365"]
[Black "Voltaiko"]
[Result "1-0"]
[WhiteElo "1970"]
[BlackElo "2054"]

1. d4 Nf6 2. Nf3 d5 3. c4 c6 4. g3 e6 5. Bg2 Nbd7 6. O-O Be7 7. Qc2 O-O 8. b3
Re8 9. Bb2 Bf8 10. Nc3 Qa5 11. Qd2 Ba3 12. Bxa3 Qxa3 13. Rac1 Qd6 14. Rfd1 h6
15. Qc2 Nh7 16. e4 Qe7 17. cxd5 cxd5 18. exd5 exd5 19. Nxd5 1-0

[Event "AUTO-OPEN-3827"]
[Site "http://www.queenalice.com/game.php?id=1486787"]
[Date "2017.7.20"]
[Round "1"]
[White "Voltaiko"]
[Black "jmcd365"]
[Result "0-1"]
[WhiteElo "2074"]
[BlackElo "2089"]

1. d4 Nf6 2. e3 g6 3. c4 Bg7 4. Nf3 O-O 5. Nc3 d6 6. Bd3 Nbd7 7. O-O e5 8. Qc2
Re8 9. Bd2 c6 10. Rfd1 Qe7 11. dxe5 dxe5 12. e4 Nc5 13. Be2 Ne6 14. Nxe5 Nd4 15.
Nxc6 Nxe2+ 16. Nxe2 bxc6 17. f3 Nd7 18. Rac1 Bb7 19. b3 Rad8 20. Bc3 Bxc3 21.
Qxc3 Nc5 22. g3 Ne6 23. h4 Rxd1+ 24. Rxd1 Rd8 25. Rd3 Rxd3 26. Qxd3 c5 27. Nc3
Nd4 28. Nd5 Bxd5 29. cxd5 Qd6 30. Kg2 h5 31. b4 Qb6 32. bxc5 Qxc5 33. Kh3 a5 34.
Qe3 Qc4 35. Qf2 a4 36. d6 Qe6+ 0-1

[Event "AUTO-OPEN-3827"]
[Site "http://www.queenalice.com/game.php?id=1486800"]
[Date "2017.7.20"]
[Round "1"]
[White "Scharlatan"]
[Black "Voltaiko"]
[Result "1-0"]
[WhiteElo "2118"]
[BlackElo "2051"]

1. e4 e6 2. d4 d5 3. e5 c5 4. c3 Nc6 5. Nf3 Qb6 6. Bd3 Bd7 7. O-O cxd4 8. cxd4
Nxd4 9. Nxd4 Qxd4 10. Nc3 Ne7 11. Nb5 Qxe5 12. Re1 Qb8 13. Qf3 f6 14. Bf4 e5 15.
Rxe5 fxe5 16. Qh5+ g6 17. Qxe5 1-0

[Event "AUTO-OPEN-3827"]
[Site "http://www.queenalice.com/game.php?id=1486801"]
[Date "2017.7.20"]
[Round "1"]
[White "Voltaiko"]
[Black "Scharlatan"]
[Result "1-0"]
[WhiteElo "2051"]
[BlackElo "2159"]

1. d4 d5 2. g3 c6 3. Bg2 Bf5 4. Nf3 Nf6 5. O-O Qd7 6. Re1 Bh3 7. Bh1 e6 8. Nbd2
h5 9. e4 dxe4 10. Nxe4 Nxe4 11. Rxe4 Be7 12. Ne5 Qc7 13. Qf3 Bf6 14. Bf4 g5 15.
Nxc6 Qxc6 16. Bxb8 Rxb8 17. Qxf6 1-0

[Event "Challenge"]
[Site "http://www.queenalice.com/game.php?id=1488513"]
[Date "2017.8.2"]
[Round "-"]
[White "knight576"]
[Black "Voltaiko"]
[Result "1-0"]
[WhiteElo "2188"]
[BlackElo "2101"]

1. e4 e6 2. d4 d5 3. Bd3 dxe4 4. Bxe4 Nf6 5. Bf3 Nbd7 6. Ne2 Be7 7. O-O O-O 8.
Nbc3 c6 9. Bf4 Nd5 10. Bg3 Bf6 11. Ne4 Be7 12. c4 N5f6 13. N4c3 Nb6 14. Qd3 Nfd7
15. Rad1 Bf6 16. h3 Re8 17. a4 Nf8 18. a5 Nbd7 19. b4 Qe7 20. c5 e5 21. d5 g6
22. dxc6 bxc6 23. Bxc6 Rb8 24. Nd5 Qd8 25. Nxf6+ 1-0

[Event "Challenge"]
[Site "http://www.queenalice.com/game.php?id=1488518"]
[Date "2017.8.2"]
[Round "-"]
[White "Voltaiko"]
[Black "knight576"]
[Result "1-0"]
[WhiteElo "2077"]
[BlackElo "2178"]

1. e4 e5 2. Bb5 a6 3. Ba4 b5 4. Bb3 d6 5. d3 Nf6 6. f4 Nbd7 7. a3 Nc5 8. Ba2 Bb7
9. fxe5 dxe5 10. Nf3 Qe7 11. O-O Qd6 12. Nh4 g6 13. Qf3 Bg7 14. Bg5 Ncd7 15. Nc3
O-O 16. Kh1 Rae8 17. Ne2 c5 18. Ng3 Re7 19. Nhf5 gxf5 20. Nxf5 Qxd3 21. Nxe7+
1-0